000 01083cam a22003493a 4500
001 13222290
003 LC
005 20160322144346.0
008 001114s2000 nyu 000 1 eng c
010 _a 2003576991
020 _a9780812579475
035 _a(OCoLC)ocm45349284
040 _aCLE
_cCLE
_dDLC
042 _alccopycat
050 0 0 _aPZ 7
_b.B623 2000
082 _aFIC B54s
_b2000
100 1 _aBisson, Terry.
_919893
245 1 4 _aThe 6th day /
_cTerry Bisson ; based on the screenplay by Cormac Wibberley & Marianne Wibberley.
246 3 _aSixth day
250 _a1st mass market ed.
260 _aNew York :
_bTor,
_cc2000.
300 _a231 p. ;
_c18 cm.
650 0 _aCloning
_vFiction.
_920465
655 7 _aScience fiction.
_2gsafd
_91889
655 7 _aMovie novels.
_2gsafd
_94383
710 2 _aCopyright Paperback Collection (Library of Congress)
_5DLC
_9705
730 0 _a6th day (Motion picture)
_920466
906 _a7
_bcbc
_ccopycat
_d2
_encip
_f20
_gy-genrareb
942 _2lcc
_cBK
999 _c11516
_d11516